[Event "Guadalajara Peoneros op 1st"]
[Site "Guadalajara"]
[Date "2020.01.18"]
[Round "2"]
[White "Hernandez Diaz, Paula Sofia"]
[Black "Ramirez Espinoza, Sergio Leonardo"]
[Result "1-0"]
[WhiteElo "1618"]
[BlackElo "998"]
[PlyCount "63"]
[EventDate "2020.01.11"]
[EventType "swiss"]
[EventRounds "5"]
[EventCountry "MEX"]
[SourceTitle "CBM 195 Extra"]
[Source "ChessBase"]
[SourceDate "2020.05.31"]
[SourceVersion "1"]
[SourceVersionDate "2020.05.31"]
[SourceQuality "1"]

1. c4 d6 2. g3 Nc6 3. Bg2 Bd7 4. Nc3 e5 5. Nf3 Nf6 6. d3 Be7 7. 0-0 0-0 8. Rb1 Qc8 9. b4 Bh3 10. a4 Bxg2 11. Kxg2 Nd8 12. e4 Rb8 13. Nd5 Nxd5 14. cxd5 b6 15. Be3 c5 16. Rc1 Nb7 17. bxc5 bxc5 18. d4 exd4 19. Nxd4 Qd7 20. Nc6 Ra8 21. Qb3 Nd8 22. Na5 f6 23. Nc6 Nxc6 24. dxc6+ Qe6 25. Qxe6+ Rf7 26. Bf4 Kf8 27. Bxd6 Bxd6 28. Qxd6+ Ke8 29. Rfe1 Rd8 30. Qxc5 Rc7 31. e5 f5 32. e6 1-0